Polskie piosenki lat 90-tych #2 (trudne) - Statystyki

Ogólne statystyki
  • Ten quiz został rozwiązany 145 razy
  • Średni wynik to 6 z 20
Statystyki odpowiedzi
Tytuł: Wykonawca: % Poprawnych
Na językach Kayah
79%
Dotyk Edyta Górniak
75%
Niecierpliwi Andrzej Piaseczny / Robert Chojnacki
54%
Wyszłam za mąż zaraz wracam Ewa Bem
45%
Ja wysiadam Anna Maria Jopek
44%
Weselne dzieci Maryla Rodowicz
40%
Oto ja Kasia Kowalska
38%
Natalie Ryszard Rynkowski
33%
Miłość jak ogień Edyta Bartosiewicz
30%
Dnie-ye! Urszula
28%
Jako mąż i nie mąż Atrakcyjny Kazimierz
27%
Kici kici maj Justyna Steczkowska
27%
Idę tam gdzie idę Kazik
19%
I tylko mi ciebie brak Rudi Schuberth
12%
Taka Ameryka Seweryn Krajewski
12%
Lato jak ze snu Beata Kozidrak
11%
Lawa Małgorzata Ostrowska
8%
Zero (Odkochaj nas) Renata Przemyk
7%
W nas i wokół nas Robert Janowski
7%
Kiedy jesteś taka bliska Stanisław Soyka
5%
Nie znaleziono quizów pasujących do podanych kryteriów
Rozkład punktacji
Procent ludzi z każdym wynikiem
Percentyl według liczby udzielonych odpowiedzi
Twoja historia wyników
Nie rozwiązałeś tego quizu